000 00489nam a2200181 i 4500
001 30864
003 ES-MaACL
005 20260203063029.0
007 t|
008 030127s1972 pr ||||1| cat d
100 1 _aBartra, Agustí
_926185
245 1 0 _aPoemes del retorn /
_cAgustí Bartra.
250 _a1ª ed.
260 _aSan Juan (Puerto Rico) :
_bEd. San Juan,
_c1972.
300 _a63 p. ;
_c19 cm.
852 _aES-MaACL
_jC-50189
_bR.83535
999 _c30864
_d30864